000
00304nam a2200145Ia 4500
100
_a
Alexander/P.C
650
_a
General
942
_c
BK
654
_a
power
245
_a
Through the corridors of power
260
_b
Harper collins
_c
2004
082
_a
920
_b
ALE
300
_a
480
546
_a
ENGLISH
999
_c
24379
_d
24379